Rozpoznaj kraj po władcy - Statystyki

Ogólne statystyki
  • Ten quiz został rozwiązany 411 razy
  • Średni wynik to 7 z 11
Statystyki odpowiedzi
Hint Odpowiedź % Poprawnych
Józef Stalin Zsrr
94%
Aleksander Łukaszenko Białoruś
82%
Cesarz Naruhito Japonia
82%
Aleksander Wielki Macedonia
77%
Cheops Egipt
75%
Recep Tayyip Erdogan Turcja
59%
Felipe VI Hiszpania
53%
Dariusz I Persja
50%
Iwan Iv groźny Cesarstwo rosyjskie
32%
August III Saksonia
27%
Kasym-Żomart Tokajew Kazachstan
23%
Nie znaleziono quizów pasujących do podanych kryteriów
Rozkład punktacji
Procent ludzi z każdym wynikiem
Percentyl według liczby udzielonych odpowiedzi
Twoja historia wyników
Nie rozwiązałeś tego quizu